LDR 01065naa#a2200193#i#450# 001 RU\\bibl\123377 005 20260705182325.7 011 ## _a1994-4683 100 ## _a20230731b2023####ek#y0rusy0150####ca 102 ## _aRU 200 1# _aСПОРТИВНАЯ БОРЬБА ДЛЯ ПОДДЕРЖАНИЯ И РАЗВИТИЯ ФИЗИЧЕСКИХ КАЧЕСТВ ЛЮДЕЙ СРЕДНЕГО И ПОЖИЛОГО ВОЗРАСТА _eЖурнальная статья 210 1# _aМосква _cНациональный государственный Университет физической культуры, спорта и здоровья им. П.Ф. Лесгафта _d2023 215 ## _a3 с. 608 ## _aЖурнальная статья _2local 675 ## _aПрочие виды единоборства и тяжелой атлетики. 796.89 _z 700 #1 _aЗахаров _gАндрей Викторович 700 #1 _aБородин _gПетр Владимирович 700 #1 _aТютюков _gВячеслав Григорьевич 856 4# _auchzapiski.lesgaft.spb.ru _u